[Event "Pardubice Czech op-E 35th"]
[Site "Pardubice"]
[Date "2024.07.11"]
[Round "1.4"]
[White "Mica, Marek"]
[Black "Kovalsky, David"]
[Result "1-0"]
[WhiteElo "2384"]
[BlackElo "1862"]
[PlyCount "81"]
[EventDate "2024.07.11"]
[EventType "team-swiss"]
[EventRounds "7"]
[EventCountry "CZE"]
[SourceTitle "CBM 221 Extra"]
[Source "ChessBase"]
[SourceDate "2024.09.30"]
[SourceVersion "1"]
[SourceVersionDate "2024.09.30"]
[SourceQuality "1"]
[WhiteTeam "Beskydy Chess School"]
[BlackTeam "Tatrovaci"]
[WhiteTeamCountry "CZE"]
[BlackTeamCountry "CZE"]

1. Nf3 Nf6 2. c4 c5 3. Nc3 Nc6 4. g3 e5 5. Bg2 d6 6. d3 g6 7. Bg5 h6 8. Bxf6 Qxf6 9. Nd2 Qd8 10. a3 Bg7 11. Rb1 0-0 12. Nf1 f5 13. Ne3 f4 14. Ned5 fxg3 15. hxg3 Ne7 16. Nxe7+ Qxe7 17. Qd2 Be6 18. Be4 g5 19. b4 Rab8 20. Qe3 b6 21. Kf1 a5 22. bxa5 bxa5 23. Kg2 Qd7 24. Bd5 Bxd5+ 25. Nxd5 Rbe8 26. Qe4 Qf5 27. Qxf5 Rxf5 28. g4 Rf7 29. f3 e4 30. dxe4 Kh7 31. Rb6 Be5 32. Ne3 Re6 33. Nf5 Rd7 34. Rhb1 Rf6 35. Ra6 Kg6 36. Rxa5 h5 37. gxh5+ Kxh5 38. Rh1+ Kg6 39. Rh6+ Kf7 40. Rh7+ Ke6 41. Ra7 1-0